000 00971cam a2200265 4500
001 ##L132330
008 060127n2006 000 0 eng u
020 _a0860176304 (print)
_a978860176304 (online)
035 _a(Sirsi) u132330
041 0 _aeng
050 0 4 _a627.1 $2 18
100 1 _aSamuels, P
245 0 0 _aSustainable water management in land-use planning
260 _aLondon
_bCIRIA
_c2006
300 _a163p.
_c30cm
350 _a120
490 0 _aCIRIA
_vC630
520 _aHighlights the importance of water management issues in land-use planning in England and Wales. The guidance aims to provide information on sustainable water management and identify where it links in with planning policy.
590 _aIKA310106
690 _aENVIRONMENTAL AND LAND CONSULTANCY-WATER RESOURCE MANAGEMENT
700 1 _aWoods-Ballard, Bridget
700 1 _aHutchings, Chris
710 2 _aUnited Kingdom
_bDepartment of Trade and Industry
942 _n0
999 _c105098
_d105098